LDR 00623naa#a2200181#i#450# 001 EN\INFRA-M\bibl\122732 005 20260514085308.4 011 ## _a2587-9103 100 ## _a20260430b2026####ek#y0engy0150####ca 102 ## _aRU 200 1# _aVerbal and Non-Verbal Gemeronims: Crafting the Communicative Image of an Information Resource _eJournal article 210 1# _aMoscow _cINFRA-M Academic Publishing LLC. _d2026 215 ## _a5 с. 608 ## _aJournal article _2local 675 ## _aЛингвистика. Языкознание. Языки. 81 _z 700 #1 _aProsvirkina _gIrina Ivanovna 700 #1 _aKhandozhko _gO. A. 856 4# _anaukaru.ru _u